000
00318nam a2200121Ia 4500
008
210430s9999 xx 000 0 und d
082
_a
660.29 N1471 B
100
_a
PK NAG
_9
54183
245
_a
Basic and Applied Thermodynamics 2nd
_c
PK NAG
260
_a
India
_b
McGraw Hill
_c
2010
300
_a
846p
942
_c
BK
_2
ddc
999
_c
564662
_d
564662